Loading...
| Fine Arts - Classical Music | 5 | 18.00 | 3,240% | 640% | 540% |
| Fine Arts - Other | 4 | 15.00 | 3,625% | 400% | 400% |
| Fine Arts - Painting & Sculpture | 6 | 18.33 | 4,367% | 300% | 667% |
| History - American | 4 | 15.00 | 2,025% | 875% | 200% |
| History - European | 5 | 20.00 | 5,460% | 680% | 320% |
| History - Other | 3 | 16.67 | 2,700% | 567% | 567% |
| History - World | 5 | 16.00 | 4,520% | 620% | 180% |
| Literature - American | 3 | 13.33 | 2,700% | 267% | 567% |
| Literature - British | 4 | 12.50 | 7,675% | 0% | 225% |
| Literature - European | 5 | 22.00 | 7,760% | 700% | 340% |
| Literature - World | 4 | 15.00 | 4,050% | 400% | 425% |
| Mythology | 2 | 15.00 | 6,400% | 0% | 400% |
| Other | 8 | 18.75 | 4,288% | 538% | 488% |
| Philosophy | 3 | 13.33 | 4,833% | 0% | 467% |
| Religion | 5 | 20.00 | 2,900% | 800% | 500% |
| Science - Biology | 6 | 18.33 | 2,417% | 417% | 850% |
| Science - Chemistry | 5 | 26.00 | 5,240% | 800% | 620% |
| Science - Other | 5 | 20.00 | 3,960% | 480% | 720% |
| Science - Physics | 6 | 16.67 | 1,950% | 417% | 717% |
| Social Science | 6 | 20.00 | 4,367% | 567% | 517% |